• 首页
  • 本馆介绍
  • 公告通知
  • 最新文献
  • 馆藏检索
  • 电子资源
  • 读者导购
  • 参考咨询
  • 我的图书馆
  • 登录
  • 详细信息显示
  • 放入我的书架
  • 预约/预借图书
  • 作者相关作品
  • 分类相关作品
  • 丛书相关作品
  • 出版社相关作品

书目信息

  • 表格格式
  • 工作单格式
  • 卡片格式
题名:
数字电路考研试题精选
    
 
作者: 龙忠琪 , 龙胜春 主编
分册:  
出版信息: 北京   科学出版社  2003
页数: 340页
开本: 24cm
丛书名:
单 册:
中图分类: TN79-44
科图分类:
主题词: 数字电路--习题
电子资源:
ISBN: 7-03-011296-2
000 00691nam0 2200217 45
001 0312091471
005 20050331143331.2
010    @a7-03-011296-2@dCNY29.00
100    @a20031209d2003 km y0chiy0120 ea
101 0  @achi
105    @a z 000yy
200 1  @a数字电路考研试题精选@AShu Zi Dian Lu Kao Yan Shi Ti Jing Xuan@e详解及点评@EXiang Jie Ji Dian Ping@f龙忠琪,龙胜春主编@FLong Zhong Qi,Long Sheng Chun Zhu Bian
210    @a北京@c科学出版社@d2003
215    @a340页@d24cm
517    @a详解及点评@AXiang Jie Ji Dian Ping
606 0  @a数字电路@x习题
690    @aTN79-44@v4
701  0 @a龙忠琪@4主编
701  0 @a龙胜春@4主编
801    @aCN@bTSTC@c20031209
905    @dTN79-44@e28
    
    数字电路考研试题精选:详解及点评/龙忠琪,龙胜春主编.-北京:科学出版社,2003
    340页;24cm
    
    
    ISBN 7-03-011296-2:CNY29.00
    
●
相关链接 在E读中查询图书 在五车中查询图书 在当当中查询图书 在豆瓣中查询图书


正题名:数字电路考研试题精选     索取号:TN79-44/28         预约/预借

序号 登录号 条形码 馆藏地/架位号 状态 备注
1 0329694   203296940   第三借阅区/ [索取号:TN79-44/28] 在馆    
2 0329695   203296959   第三借阅区/ [索取号:TN79-44/28] 在馆    
3 0329696   203296968   第三借阅区/ [索取号:TN79-44/28] 在馆    
4 0329697   203296977   第三借阅区/ [索取号:TN79-44/28] 在馆    
5 0329698   203296986   第二样本阅览室/ [索取号:TN79-44/28] 在馆    
6 0347481   203474819   第三借阅区/ [索取号:TN79-44/28] 在馆    
7 0347482   203474828   第三借阅区/ [索取号:TN79-44/28] 在馆    
8 0347483   203474837   第三借阅区/ [索取号:TN79-44/28] 在馆    
9 0347484   203474846   第三借阅区/ [索取号:TN79-44/28] 在馆    
10 0347485   203474855   第三借阅区/ [索取号:TN79-44/28] 在馆    
唐山师范学院图书馆 欢迎您!
大连网信软件有限公司© 版权所有